000 00546nam a2200181Ia 4500
001 7394
005 20260306160452.0
008 260306t2007||||xx |||||||||||||| ||spa||
041 _aESP
082 _a338.9
_bP87A
100 _aPrograma de las Naciones Unidas para el Desarrollo
_eAUT
245 0 _aInforme sobre desarrollo humano 2007-2008:
_bla lucha contra el cambio climático: solidaridad frente a un mundo dividido
260 _c2007
300 _a386 páginas :
_c29 cm.
650 _aGEN
654 _aCAN
942 _cLIB
_dJUS
_fJUS
_2ddc
_n
999 _c7394
_d7394